000 01193nam a2200313 i 4500
001 000045880
003 DO-SdBNP
005 20250923095526.0
007 ta
008 150526s2015 dr ac r 000 0 spa d
020 _a9789945582208
040 _aDO-SdBNP
_bspa
_cBNPHU
_erda
041 _aspa
082 4 _axxxx
_bxxxx
_222
100 1 _aBonnelly de Díaz, Aída,
_eautor
_4aut.
_918734
245 1 0 _aVoces de Aída :
_bselección de textos críticos sobre música /
_cAída Bonnelly de Díaz ; editora, Marianne de Tolentino.
264 4 _aSanto Domingo :
_bBanco Central de la República Dominicana,
_c©2015.
300 _a334 páginas :
_bilustraciones ;
_c23 cm.
336 _atexto
_btxt
_2rdacontent
337 _asin mediación
_bn
_2rdamedia
338 _avolumen
_bnc
_2rdacarrier
490 1 _aColección Banco Central de la República Dominicana
_v211
490 1 _aSerie Arte y literatura
_v72
500 _aIncluye datos biográficos del autor en las solapas
590 _aInventariado, 2025/BT
700 1 _aTolentino, Marianne de,
_eeditor
_4ed.
_915222
830 0 _aBanco Central de la República Dominicana
_n211
_pSerie Arte y literatura
_n72
_973946
942 _2ddc
_cLBS1
999 _c45369
_d45369